banner-ar

Thallium- Based High- Temperature Swpercoductors / (Record no. 18237)

MARC details
000 -الفاتح
حقل البيانات ثابتة الطول 00563nam a2200193Ia 4500
008 - عناصر البيانات ثابتة الطول - معلومات عامة
حقل البيانات ثابتة الطول 140319s9999 xx 000 0 eng d
040 ## - مصدر الفهرسة
وكالة الفهرسة الأصلية GCL /
وكالة النسخ GCL
082 04 - رقم تصنيف ديوى العشرى
رقم التصنيف 537.6223
رقم المادة H T
100 1# - المدخل الرئيسى - إسم شخصى
الإسم الشخصى HERMANN, ALLAN
245 10 - بيان العنوان
العنوان Thallium- Based High- Temperature Swpercoductors /
بيان المسئوليه,etc HERMANN, ALLAN
700 1# - المدخل الاضافى - اسم شخصى
الإسم الشخصى YAKHMI, J.V.
260 ## - PUBLICATION, DISTRIBUTION, ETC. (IMPRINT)
تاريخ النشر أو التوزيع 1994
300 ## - الوصف المادى
التعداد 623 P
650 04 - المدخل الاضافى بالموضوع-مصطلح موضوعى
مصطلح موضوعي HIGH TEMPERATURE SUPER CONDUCT
650 04 - المدخل الاضافى بالموضوع-مصطلح موضوعى
مصطلح موضوعي THALLIUM COMPOUNDS ELECTRIC PROGRAME
650 04 - المدخل الاضافى بالموضوع-مصطلح موضوعى
مصطلح موضوعي ELECTRIC PROPERTIES
942 ## - عناصر المدخل الإضافي( كوها)
مصدر التصنيف او مخطط الترفيف Dewey Decimal Classification
Koha [default] item type كتاب
260 ## - PUBLICATION, DISTRIBUTION, ETC. (IMPRINT)
-- [S.N] :
-- MARCEL DEKKER, INC ،
Holdings
حالة التراجع حالة الفقد حالة تلف ليس للاعارة المكان المؤقت الموقع الحالى تاريخ الاكتساب اجمالي اﻻعارات رقم الطلب الباركود تاريخ اخر مشاهدة تاريخ تفعيل السعر نوع وعاء كوها
        مكتبة القاهرة الكبرى مكتبة القاهرة الكبرى 03/26/2014   537.6223\H T 33326 03/26/2014 03/26/2014 كتاب

Powered By

EGPV